[Event "London Classic op 7th"]
[Site "London"]
[Date "2015.12.09"]
[Round "7"]
[White "Rovai, Andrea"]
[Black "De Abreu, Roberto N"]
[Result "0-1"]
[WhiteElo "1839"]
[BlackElo "2056"]
[PlyCount "42"]
[EventDate "2015.12.04"]
[EventType "swiss"]
[EventRounds "9"]
[EventCountry "ENG"]
[SourceTitle "CBM 169 Extra"]
[Source "ChessBase"]
[SourceDate "2015.12.18"]
[SourceVersion "1"]
[SourceVersionDate "2015.12.18"]
[SourceQuality "1"]

1. e4 e6 2. d3 d5 3. Nd2 Nc6 4. Ngf3 Nf6 5. g3 dxe4 6. dxe4 Bc5 7. Bg2 0-0 8. 0-0 e5 9. c3 a5 10. Qc2 b6 11. Nc4 Ng4 12. h3 Be6 13. b3 Bxc4 14. bxc4 Nf6 15. a4 Qe7 16. Nh4 Qe6 17. Qe2 Ne8 18. Re1 Nd6 19. Bf1 Qf6 20. Ng2 Nxe4 21. Qxe4 Qxf2+ 0-1

[Event "London Classic op 7th"]
[Site "London"]
[Date "2015.12.04"]
[Round "1"]
[White "Rovai, Andrea"]
[Black "Roe, Simon J"]
[Result "0-1"]
[WhiteElo "1839"]
[BlackElo "2254"]
[PlyCount "94"]
[EventDate "2015.12.04"]
[EventType "swiss"]
[EventRounds "9"]
[EventCountry "ENG"]
[SourceTitle "CBM 169 Extra"]
[Source "ChessBase"]
[SourceDate "2015.12.18"]
[SourceVersion "1"]
[SourceVersionDate "2015.12.18"]
[SourceQuality "1"]

1. e4 c6 2. Nc3 d5 3. Qf3 d4 4. Bc4 e6 5. Nce2 c5 6. Qg3 Nc6 7. d3 a6 8. a3 Nge7 9. f4 Ng6 10. Nf3 Qc7 11. 0-0 Be7 12. h4 h5 13. Ng5 Bxg5 14. hxg5 Bd7 15. Qf2 0-0-0 16. c3 h4 17. cxd4 cxd4 18. Nxd4 h3 19. g3 h2+ 20. Kh1 Nxd4 21. Qxd4 Bc6 22. Qe3 b5 23. Bb3 Qb7 24. Bc2 Ne7 25. Qf2 Nf5 26. Be3 Rxd3 27. Bxd3 Bxe4+ 28. Bxe4 Qxe4+ 29. Qf3 Nxg3+ 30. Kg2 Nxf1 31. Rc1+ Kd7 32. Rd1+ Ke8 33. Rxf1 Qxf3+ 34. Kxf3 h1Q+ 35. Rxh1 Rxh1 36. Bd4 g6 37. Be5 Kd7 38. Ke3 Kc6 39. Kd4 Rd1+ 40. Kc3 a5 41. b4 a4 42. Bb8 Kd5 43. Be5 Rb1 44. Kc2 Rb3 45. Bb2 Ke4 46. Bc1 Kf5 47. Kd1 f6 0-1